000 00420nam a22001457a 4500
999 _c257408
_d257407
003 OSt
005 20181101140933.0
008 181101b xxu||||| |||| 00| 0 eng d
020 _a9780143038252
040 _cN/A
100 _aMortenson Greg
245 _aThree cups of tea:
_bone man`s mission to fight terrorism and built nations-one school at a time
260 _aU.S.A.
_bPenguin Group Inc
_c2006
942 _2lcc
_cBK